U.K. Cities Ending in "Y" - Statistics

General Stats
  • This quiz has been taken 6,565 times
  • The average score is 3 of 7
Answer Stats
Country City % Correct
Northern Ireland Derry / Londonderry
81%
England Coventry
57%
England Derby
52%
England Canterbury
48%
England Ely
38%
England Salisbury
27%
Northern Ireland Newry
25%
No matching quizzes found
Score Distribution
Percent of People with Each Score
Percentile by Number Answered
Your Score History
You have not taken this quiz